Movies by Kippah Quiz Stats

 Plays Quiz not verified by Sporcle

Score 0/16 Timer 03:00
2 Plays Today
Hint Answer % Correct
Toy Story
97.7%
Star Wars
97.3%
Shrek
97.1%
Cars
95.8%
Ghostbusters
95.4%
The Lion King
94.8%
Finding Nemo
93.5%
James Bond
92.8%
Hint Answer % Correct
Jaws
92%
Despicable Me
91.4%
Frozen
86.9%
Ratatouille
83.6%
Transformers
82.7%
Madagascar
79.6%
Big Hero 6
77%
The Good Dinosaur
60.9%

You're not logged in!

Compare scores with friends on all Sporcle quizzes.
OR
Log In

Show Comments

Extras

Top Quizzes Today


Score Distribution

Your Account Isn't Verified!

In order to create a playlist on Sporcle, you need to verify the email address you used during registration. Go to your Sporcle Settings to finish the process.

Report this User

Report this user for behavior that violates our Community Guidelines.

Details: